00508cam a22001457a 4500008004000000082001500040100002300055245011100078260002600189300001100215650001300226650003000239650006300269650003000332180718b1965 xxu||||| |||| 00| 0 eng d aJ7x73 C693 aCollins, George R. aCamillo sitte and the brith of modern city planningcby George R. Collins And Christiane Crasemann Collins aLondonbPhaidonc1965 ax,232p aCity pla aSitte, Camillo, 1843-1903 aStaᄄdte-Bau nach seinen kuᄄnstlerischen Grundsaᄄtzen aSitte, Camillo, 1843-1903